Les femmes dans la littérature française - Statistiques

Statistiques générales
  • Ce quiz a été pris 84 fois
  • Le résultat moyen est 10 sur 20
Statistiques - réponses
Hint Réponse % Correct
Philosophe, elle deviendra une figure majeure du féminisme français en publiant les deux volumes du Deuxième Sexe, ou encore avec ses Mémoires d'une jeune fille rangée. Simone de Beauvoir
88%
Elle compte parmi les auteurs les plus prolifiques, publia plusieurs dizaines d'ouvrages et s'essaya à de nombreux genres littéraires (roman, théâtre, essais...). Ses oeuvres les plus connues sont Indiana et Lelia. Figure politique, elle bouscula les codes en adoptant un style vestimentaire ainsi qu'un pseudonyme masculin. George Sand
87%
Pionnière du féminisme, figure encore convoquée dans les mouvements contemporains, elle écrivit la Déclaration des droits de la femme et de la citoyenne, et s'engagea également pour l'abolition de l'esclavage. Olympe de Gouges
82%
Autrice de la bourgeoisie désabusée, elle devient célèbre dès son premier roman, qui restera son plus connu, Bonjour Tristesse. Françoise Sagan
79%
Née en ancienne Indochine, elle bousculera les codes romanesques par la destructuration stylistique de ses ouvrages. Elle est révélée par Un barrage contre le Pacifique, recevra le Goncourt pour l'Amant, et sera nommée pour l'oscar du meilleur scénario pour Hiroshima mon amour. Marguerite Duras
78%
Première femme élue à l'Academie Française, elle puise son inspiration dans les philosophies orientales et gréco-latines : en témoignent ses ouvrages Les nouvelles orientales et Les mémoires d'Hadrien. Marguerite Yourcenar
78%
Figure bisexuelle, de son vrai prénom Sidonie, elle fut la première femme présidente du jury du Goncourt. Elle est reconnue comme l'une des grandes figures du roman. Elle écrivit Sido, Gigi, ou encore Le blé en herbe. Colette
72%
De son vrai nom Marie-Madeleine Pioche de La Vergne, elle écrivit ce qui fût considéré comme l'un des premiers romans psychologiques : La princesse de Clèves. Madame de La Fayette
72%
Première femme française à obtenir le prix Nobel de littérature pour l'ensemble de son oeuvre, elle s'illustrera par ses romans autobiographiques : Les armoires vides, La place. Annie Ernaux
63%
Originaire de Russie, elle écrivit principalement des ouvrages pour les enfants, et notamment la Trilogie de Sophie, dont fait partie le roman Les malheurs de Sophie. Comtesse de Ségur
60%
Pionnière du Nouveau Roman avec L'ère du soupçon, elle est connue pour Tropismes, son premier roman, et Enfance, récit autobiographique. Nathalie Sarraute
44%
Figure de l'École Lyonnaise, elle publie Le débat de folie et d'amour, revendiquant l'éducation des filles. Elle est également connue pour ses poèmes, notamment ses Élégies. Louise Labé
40%
On ne connait rien d'elle, si ce n'est son prénom et ses écrits. Fait partie des auteurs de l'amour courtois, connue de son vivant et jusqu'à nos jours pour ses Lais. Marie de France
32%
Première femme reconnue "homme de lettres" et vivant de sa plume, elle écrivit de nombreux poèmes et traités politiques, parmis lesquels La Cité des Dames. Christine de Pizan
26%
Elle devient en 2024 l'autrice la plus lue en France, notamment grâce à son premier succès, Tout le bleu du ciel. Réfutant l'étiquette d'autrice "feel good", elle est prolifique et écrit ses romans en quelques mois, par "instinct". Mélissa Da Costa
26%
D'origine russe, résistante pendant la seconde guerre mondiale, elle fut la première femme à obtenir le prix Goncourt pour Le premier accroc coûte deux cent francs. Elsa Triolet
22%
Définie elle-meme comme une "romancière de l'ambiguïté", elle reçue le prix Femina pour Rosie Carpe et le prix Goncourt pour Trois femmes puissantes. Marie Ndiaye
18%
Connue mondialement et incluse dans les corpus scolaires, notamment universitaires, elle s'illustrera par ses best-sellers Ségou et Moi, Tituba sorcière..., deux ouvrages historiques. Elle théorisa le "Cannibalisme littéraire". Maryse Condé
17%
Devenue en 2020 l'une des autrices les plus vendues de France, tous ses ouvrages depuis Le premier jour du reste de ma vie, publié en 2015, sont des best-sellers. Son style est caractérisé de "romance urbaine" par les médias. Virginie Grimaldi
17%
Première femme à obtenir le prix Renaudot pour son premier roman, Piège, elle fût également l'une des premières journalistes femme, et participa à la création du journal Le Monde. Germaine Beaumont
3%
Aucun quiz correspondant
Distribution des résultats
% des personnes avec chaque résultat
Percentile par nombre de réponses
Votre historique - résultats
Vous n’avez pas pris ce quiz